000 00230nam a22000857a 4500
008 160708b xxu||||| |||| 00| 0 eng d
100 _92465
_a American Heritage
245 _aMississippi, Missouri, Montana, Nebraska
260 _aAmerican
999 _c2135
_d2135